Statistics for Eurovision 2024 Quiz

Click here to take the quiz!

General Stats

  • This quiz has been taken 502 times
  • The average score is 49 of 74

Answer Stats

CountryTitle% Correct
NetherlandsEuropapa
87%
ItalyLa noia
81%
AustriaWe Will Rave
81%
SwitzerlandThe Code
80%
FinlandNo Rules
79%
Baby Lasagna
78%
United KingdomDizzy
78%
Nemo
78%
SwedenUnforgettable
78%
LuxembourgFighter
76%
CyprusLiar
76%
DenmarkSand
76%
AlbaniaTitan
76%
SpainZorra
76%
Marcus & Martinus
75%
CzechiaPedestal
75%
PolandThe Tower
75%
IsraelHurricane
74%
Joost Klein
74%
GeorgiaFire Fighter
73%
LithuaniaLuktelk
73%
FranceMon amour
73%
Mustii
73%
CroatiaRim Tim Tagi Dim
73%
SloveniaVeronika
72%
Windows95man
72%
IrelandDoomsday Blue
71%
Olly Alexander
71%
SerbiaRamonda
71%
Angelina Mango
70%
Bambie Thug
70%
BelgiumBefore the Party's Over
70%
LatviaHollow
70%
Tali
70%
San Marino11:11
69%
GermanyAlways on the Run
69%
ArmeniaJako
69%
Kaleen
69%
Luna
69%
GreeceZari
69%
Aiko
68%
Besa
68%
MaltaLoop
68%
Saba
68%
UkraineTeresa & Maria
68%
Slimane
67%
Isaak
66%
Gåte
65%
IcelandScared Of Heights
65%
Dons
64%
Raiven
62%
Teya Dora
62%
Hera Björk
60%
Silvester Belt
60%
NorwayUlveham
60%
Eden Golan
59%
PortugalGrito
59%
MoldovaIn the Middle
59%
Megara
59%
Nebulossa
59%
Iolanda
58%
Marina Satti
58%
Silia Kapsis
58%
Electric Fields
57%
Ladaniva
55%
alyona alyona & Jerry Heil
51%
Natalia Barbu
51%
Sarah Bonnici
49%
AustraliaOne Milkali (One Blood)
44%
Fahree
42%
5miinust & Puuluup
32%
Nutsa Buzaladze
31%
AzerbaijanÖzünlə Apar
31%
Estonia(nendest) narkootikumidest ei tea me (küll) midagi
23%

Score Distribution

Percentile by Number Answered

Percent of People with Each Score

Your Score History

You have not taken this quiz